Transmitting: A constantly renewed effort (notice n° 1855731)

détails MARC
000 -LEADER
fixed length control field 01438cam a2200157 4500500
005 - DATE AND TIME OF LATEST TRANSACTION
control field 20260329010757.0
041 ## - LANGUAGE CODE
Language code of text/sound track or separate title fre
042 ## - AUTHENTICATION CODE
Authentication code dc
100 10 - MAIN ENTRY--PERSONAL NAME
Personal name Berliner, David
Relator term author
245 00 - TITLE STATEMENT
Title Transmitting: A constantly renewed effort
260 ## - PUBLICATION, DISTRIBUTION, ETC.
Date of publication, distribution, etc. 2025.<br/>
500 ## - GENERAL NOTE
General note 86
520 ## - SUMMARY, ETC.
Summary, etc. This essay offers a critical presentation of the liberalism of public reason developed by the American political philosopher Gerald Gaus (1952-2020). More specifically, it discusses his treatment of the problem of moral reconciliation within diverse, pluralistic societies. The reconciliation problem is grasped through the “open society model”, preferred to the Rawlsian model of the “well-ordered society”. Our aim is to assess the extent to which Gaus succeeds in addressing the problem of reconciliation as he characterizes it, according to his own criteria. We argue that the open society model fails to demonstrate the possibility of moral reconciliation in diverse societies, for reasons that are nonetheless instructive. There are two possible conclusions: either Gaus’s social philosophy must be significantly amended, or it must be retained at the cost of a certain pessimism about the possibility of public justification in liberal society.
786 0# - DATA SOURCE ENTRY
Note La Revue Nouvelle | 258 | 8 | 2025-12-04 | p. 2-4 | 0035-3809
856 41 - ELECTRONIC LOCATION AND ACCESS
Uniform Resource Identifier <a href="https://shs.cairn.info/journal-la-revue-nouvelle-2025-8-page-2?lang=en&redirect-ssocas=7080">https://shs.cairn.info/journal-la-revue-nouvelle-2025-8-page-2?lang=en&redirect-ssocas=7080</a>

Pas d'exemplaire disponible.

PLUDOC

PLUDOC est la plateforme unique et centralisée de gestion des bibliothèques physiques et numériques de Guinée administré par le CEDUST. Elle est la plus grande base de données de ressources documentaires pour les Étudiants, Enseignants chercheurs et Chercheurs de Guinée.

Adresse

627 919 101/664 919 101

25 boulevard du commerce
Kaloum, Conakry, Guinée

Réseaux sociaux

Powered by Netsen Group @ 2025